000 00435nam a2200145Ia 4500
008 200619s9999 xx 000 0 und d
020 _a971-08-0503
100 _aDownie, N.M.
245 _cN.M. Downie, Robert W. Heath
_aBasic Statistical Methods /
250 _a5th ed.
260 _aNew York :
_bHarper & Row, Publishers Inc.
_c1983
300 _aviii, 371 pages
500 _aIncludes references and index.
650 _aStatistics
999 _c363755
_d363755